000 00302nam a22001337a 4500
008 170320b xxu||||| |||| 00| 0 eng d
020 _a0721664636
041 _aeng
080 _22ND
_a616.8
100 _a7
101 _aSHM
245 _aCLINICAL PEDIATRIC NEUROLOGY
_cFENICHEL. G.M
942 _2udc
_cBK
999 _c8105
_d8105